|
|
|
|
| LEADER |
00000nam a2200000Ia 4500 |
| 008 |
170808b1990 us ||||| |||| 00| | eng d |
| 999 |
|
|
|c 1403
|d 1403
|
| 090 |
|
|
|a 06.01.01
|b 536
|
| 100 |
1 |
|
|a Keeves, J. P.
|9 3049
|
| 245 |
1 |
0 |
|a Educational research methodology, and measurement : an international handbook/
|c Keeves, J., P.
|
| 260 |
|
|
|a New York, Estados Unidos :
|b Pergamon Press,
|c 1990
|
| 300 |
|
|
|a 803 páginas
|
| 650 |
1 |
4 |
|a EDUCACIÓN
|9 1
|
| 650 |
1 |
4 |
|a INVESTIGACIÓN EDUCATIVA
|9 326
|
| 650 |
1 |
4 |
|a TEORÍA DE LA EDUCACIÓN
|9 661
|
| 650 |
1 |
4 |
|a MANUALES
|9 426
|
| 942 |
|
|
|i 00955
|h 06.01.01 536
|2 z
|c 01
|